1984 1862 1672 1058 1282 1647 1093 1477 1106 1311 1976 1979 1272 1939 1837 1520 1963 1527 1440 1075 1927 1605 1830 1701 1954 1536 1111 1622 1241 1625 1180 1899 1527 1778 1011 1690 1575 1960 1376 1341 1673 1259 1393 1167 1440 1713 1938 1765 1036 1432 1396 1987 1416 1376 1606 1122 1596 1062 1262 1623 1021 1323 1947 1424 1630 1031 1978 1997 1963 1186 1090 1847 1690 1675 1138 1654 1634 1119 1064 1564 1400 1721 1613 1771 1089 1144 1265 1867 1900 1907 1839 1198 1539 1053 1863 1298 1213 1640 1736 BCNSPRNW ULIB Ver.6.0+V

เปลี่ยนเป็นภาษาไทย

Change to English
 แสดงรายละเอียดบรรณานุกรม
  กลับหน้าหลัก

Brief Record : Get Marc (ISO 2709) : E-mail record : QR code < ปิดหน้าต่าง
LEADER : 00000nam 2200000uu 4500
001    13399111825
003     ULIB
008    110708s2551||||th 000 0 tha d
020    9786115140145
050  4 DS583^bม113ป 2551
100 0  มงกุฎเกล้าเจ้าอยู่หัว,^cพระบาทสมเด็จพระ,^d2423-2468
245 10 ประมวลนิทาน ร. 6 /^cพระนิพนธ์;พระบาทสมเด็จพระมงกุฎเกล้าเจ้าอยู่หัว
260    กรุงเทพฯ :^bไทยควอลิตี้บุคส์,^c2551
300    423 หน้า :^bภาพประกอบ ;^c21 ซม.
600 07 มงกุฎเกล้าเจ้าอยู่หัว,^cพระบาทสมเด็จพระ,^d2423-2468^xพระราชนิพนธ์
650  4 นิทาน^zไทย
945    ^p260^l0^i027547
995    ทศพร
999 ^a ใช้งานได้ทุกระบบ
รายการนี้ยังไม่มีแท็ก
คุณยังไม่ได้ล็อกอิน คุณสามารถมีกิจกรรมร่วมกับเว็บไซต์ได้ แต่ต้องล็อกอินก่อน ::
  ล็อกอิน

รายการสื่อสารสนเทศ

ลำดับที่ ประเภท เลขเรียก/บาร์โค้ด สถานที่ สถานะ
- ไม่พบข้อมูล -

BibComment


ยังไม่เคยถูกคอมเมนท์

คอมเมนท์ทรัพยากรรายการนี้
  คอมเมนท์: ประมวลนิทาน ร 6 ..


 Copyright 2026. Bcnsprnw @Library